Central Library OPAC University of Rajshahi

Chronology and documentary handbook of the State of Iowa / (Record no. 27354)

MARC details
000 -LEADER
fixed length control field 01111pam a2200313 i 4500
001 - CONTROL NUMBER
control field 27354
003 - CONTROL NUMBER IDENTIFIER
rucl marc code BD-RjUL
005 - DATE AND TIME OF LATEST TRANSACTION
control field 20211209051138.0
008 - FIXED-LENGTH DATA ELEMENTS--GENERAL INFORMATION
fixed length control field 140325s1978 nyua j b 001 0deng
020 ## - INTERNATIONAL STANDARD BOOK NUMBER
International Standard Book Number 0379161400 :
035 ## - SYSTEM CONTROL NUMBER
System control number (BD-RjUL)27427
040 ## - CATALOGING SOURCE
Original cataloging agency DLC
Transcribing agency DLC
Modifying agency DLC
Language of cataloging eng
041 ## - LANGUAGE CODE
Language code of text/sound track or separate title eng
082 00 - DEWEY DECIMAL CLASSIFICATION NUMBER
Classification number 977.7
Author mark and year CHR 1978
245 00 - TITLE STATEMENT
Title Chronology and documentary handbook of the State of Iowa /
Statement of responsibility, etc. Robert I. Vexler, State editor.
260 ## - PUBLICATION, DISTRIBUTION, ETC. (IMPRINT)
Place of publication, distribution, etc. Dobbs Ferry, N.Y. :
Name of publisher, distributor, etc. Oceana Publications,
Date of publication, distribution, etc. 1978.
300 ## - PHYSICAL DESCRIPTION
Pagination x, 145 p. :
Illustrations ill. ;
Size 24 cm.
504 ## - BIBLIOGRAPHY, ETC. NOTE
Bibliography, etc Includes index.
520 ## - SUMMARY, ETC.
Summary, etc. Contains a chronology of historical events from 1682 to 1977, a biographical directory of prominent citizens, and copies of pertinent documents.
650 #0 - SUBJECT ADDED ENTRY--TOPICAL TERM
Topical term or geographic name as entry element Vexler, Robert I.
9 (RLIN) 84020
651 #0 - SUBJECT ADDED ENTRY--GEOGRAPHIC NAME
Geographic name Iowa
General subdivision History
-- Chronology.
9 (RLIN) 84021
Geographic name Iowa
General subdivision Biography.
9 (RLIN) 84022
Geographic name Iowa
General subdivision History
-- Sources.
9 (RLIN) 84023
Geographic name Iowa
General subdivision History.
9 (RLIN) 84024
942 ## - ADDED ENTRY ELEMENTS (KOHA)
Source of classification or shelving scheme Dewey Decimal Classification
Koha item type Books
Holdings
Lost status Source of classification or shelving scheme Damaged status Not for loan Collection code Permanent Location Current Location Shelving location Date acquired Source of acquisition Cost, normal purchase price Total Checkouts Full call number Date last seen Copy number Koha item type
  Dewey Decimal Classification   Added to bundle Non-fiction Central Library, University of Rajshahi Central Library, University of Rajshahi Reading Room 22/06/1989 N/A 0.00   977.7 CHR 1978 25/03/2014 C-1 Books